<?xml version="1.0" encoding="UTF-8"?>
<collection xmlns="http://www.loc.gov/MARC21/slim">
 <record>
  <leader>06774nam a2200349 a 4500</leader>
  <controlfield tag="001">kal1607</controlfield>
  <controlfield tag="003">Gr-AtHEAL</controlfield>
  <controlfield tag="005">20160427091336.0</controlfield>
  <controlfield tag="006">m        d        </controlfield>
  <controlfield tag="008">160413s2015    gr      s           gre|c</controlfield>
  <datafield tag="020" ind1=" " ind2=" ">
   <subfield code="a">9789606032271</subfield>
  </datafield>
  <datafield tag="040" ind1=" " ind2=" ">
   <subfield code="a">GR-AtHEAL</subfield>
   <subfield code="b">gre</subfield>
   <subfield code="c">GR-AtHEAL</subfield>
  </datafield>
  <datafield tag="082" ind1="0" ind2="4">
   <subfield code="a">624</subfield>
   <subfield code="2">23</subfield>
  </datafield>
  <datafield tag="100" ind1="1" ind2=" ">
   <subfield code="a">Κίρτας, Εμμανουήλ.</subfield>
   <subfield code="8">338</subfield>
  </datafield>
  <datafield tag="245" ind1="1" ind2="0">
   <subfield code="a">Προσομοίωση κατασκευών σε πρόγραμμα Η/Υ</subfield>
   <subfield code="h">[Ηλεκτρονικός πόρος] </subfield>
   <subfield code="b">Εφαρμογές με το πρόγραμμα πεπερασμένων στοιχείων SAP2000</subfield>
   <subfield code="c">Κίρτας, Εμμανουήλ ; Παναγόπουλος, Γεώργιος ; Κριτικός αναγνώστης,Σέξτος, Αναστάσιος ; Τεχνική επιμέλεια,Δημητρίου, Στυλιανός.</subfield>
  </datafield>
  <datafield tag="260" ind1=" " ind2=" ">
   <subfield code="a">Αθήνα :</subfield>
   <subfield code="b">Σύνδεσμος Ελληνικών Ακαδημαϊκών Βιβλιοθηκών,</subfield>
   <subfield code="c">c2015.</subfield>
  </datafield>
  <datafield tag="490" ind1=" " ind2=" ">
   <subfield code="a">Ακαδημαϊκά Ηλεκτρονικά Συγγράμματα και Βοηθήματα Κάλλιπος</subfield>
   <subfield code="8">40</subfield>
  </datafield>
  <datafield tag="505" ind1="0" ind2=" ">
   <subfield code="a">Κεφάλαιο 1: Εισαγωγή σε πρόγραμμα πεπερασμένων στοιχείων – Βασικές έννοιεςΚεφάλαιο 2: Στατική επίλυση προβόλουΚεφάλαιο 3: Προσομοίωση επίπεδου πλαισιακού φορέαΚεφάλαιο 4: Τροποποίηση γεωμετρίας και ιδιοτήτων φορέα σε πρόγραμμα πεπερασμένων στοιχείωνΚεφάλαιο 5: Προσομοίωση πολυώροφου χωρικού φορέαΚεφάλαιο 6: Προσομοίωση τοιχώματος με χρήση γραμμικών πεπερασμένων στοιχείωνΚεφάλαιο 7: Προσομοίωση τοιχώματος με χρήση επιφανειακών πεπερασμένων στοιχείωνΚεφάλαιο 8: Προσομοίωση πλάκας οπλισμένου σκυροδέματος με χρήση επιφανειακών πεπερασμένων στοιχείωνΚεφάλαιο 9: Δυναμική φασματική ανάλυση πολυώροφου χωρικού φορέαΚεφάλαιο 10: Δυναμική φασματική ανάλυση κατασκευής λαμβάνοντας υπόψη την ενδοσιμότητα του εδάφους θεμελίωσηςΚεφάλαιο 11: Δυναμική ελαστική ανάλυση με χρονοϊστορία επιταχύνσεωνΚεφάλαιο 12: Ανελαστική στατική ανάλυση (pushover)Κεφάλαιο 13: Δυναμική ανελαστική ανάλυσηΠαράρτημα</subfield>
  </datafield>
  <datafield tag="520" ind1=" " ind2=" ">
   <subfield code="a">Το σύγγραμμα αφορά την προσομοίωση κατασκευών σε προγράμματα πεπερασμένων στοιχείων σε Η/Υ και απευθύνεται σε προπτυχιακούς φοιτητές ΤΕΙ και Πολυτεχνείου. Πρόκειται για εφαρμοσμένη προσομοίωση με παράλληλη χρήση παραδειγμάτων στο πρόγραμμα ανάλυσης κατασκευών SAP2000. Το συγκεκριμένο πρόγραμμα ανάλυσης κατασκευών είναι γενικού χαρακτήρα και χρησιμοποιείται συχνά σε ακαδημαϊκές-ερευνητικές δραστηριότητες σε πολλά Τμήματα Πολιτικών Μηχανικών στα ελληνικά Πολυτεχνεία, ενώ χαρακτηρίζεται από σημαντική δυνατότητα παραμετροποίησης από τον χρήστη. Μπορεί συνεπώς να συνδέσει με επιτυχία τις κανονιστικές και λοιπές θεωρητικές απαιτήσεις προσομοίωσης με την διαδικασία επιλογής κατάλληλων παραμέτρων από το χρήστη, κάτι που δεν προσφέρεται στα συνήθη εμπορικά πακέτα ανάλυσης κατασκευών.Παράλληλα, με την χρήση παραδειγμάτων εφαρμογής, διευκολύνεται η κατανόηση διάφορων θεωρητικών και κανονιστικών απαιτήσεων από τον φοιτητή, κάτι που δεν επιτυγχάνεται στον ίδιο βαθμό κατά τη στείρα θεωρητική διδασκαλία των κανόνων προσομοίωσης. Επιλέγεται μια διαδικασία μετάβασης από απλά σε σύνθετα παραδείγματα, ώστε να αυξάνει σταδιακά ο βαθμός πολυπλοκότητας τόσο της χρήσης του προγράμματος ανάλυσης όσο και των θεμάτων προσομοίωσης που εξετάζονται. Με τον τρόπο αυτό επιτυγχάνεται μια ομαλή και ευχάριστη διαδικασία λήψης γνώσεων σχετικών με το αντικείμενο της προσομοίωσης και ανάλυσης των κατασκευών, με παράλληλη εκμάθηση της χρήσης προγραμμάτων πεπερασμένων στοιχείων.</subfield>
  </datafield>
  <datafield tag="650" ind1=" " ind2="0">
   <subfield code="a">Engineering</subfield>
   <subfield code="x">Computer simulation</subfield>
   <subfield code="8">2611</subfield>
  </datafield>
  <datafield tag="653" ind1=" " ind2=" ">
   <subfield code="a">Πρόγραμμα πεπερασμένων στοιχείων</subfield>
  </datafield>
  <datafield tag="653" ind1=" " ind2=" ">
   <subfield code="a">Στατική και δυναμική ανάλυση</subfield>
  </datafield>
  <datafield tag="653" ind1=" " ind2=" ">
   <subfield code="a">Προσομοίωση κατασκευών</subfield>
  </datafield>
  <datafield tag="653" ind1=" " ind2=" ">
   <subfield code="a">Τεχνολογία και επιστήμες μηχανικών</subfield>
   <subfield code="a">Τεχνολογία και μηχανική κατασκευών</subfield>
   <subfield code="a">Αντισεισμική μηχανική</subfield>
  </datafield>
  <datafield tag="653" ind1=" " ind2=" ">
   <subfield code="a">Τεχνολογία και επιστήμες μηχανικών</subfield>
   <subfield code="a">Τεχνολογία και μηχανική κατασκευών</subfield>
   <subfield code="a">Στατική και δυναμική ανάλυση των κατασκευών</subfield>
  </datafield>
  <datafield tag="700" ind1="1" ind2=" ">
   <subfield code="a">Παναγόπουλος, Γεώργιος</subfield>
   <subfield code="e">Συγγραφέας</subfield>
   <subfield code="8">342</subfield>
  </datafield>
  <datafield tag="700" ind1="1" ind2=" ">
   <subfield code="a">Σέξτος, Αναστάσιος Γ.</subfield>
   <subfield code="e">Κριτικός αναγνώστης</subfield>
   <subfield code="8">343</subfield>
  </datafield>
  <datafield tag="856" ind1="4" ind2="0">
   <subfield code="u">http://hdl.handle.net/11419/1607</subfield>
   <subfield code="z">Πλήρες Κείμενο - Full text</subfield>
  </datafield>
  <datafield tag="907" ind1=" " ind2=" ">
   <subfield code="a">.b25678061</subfield>
   <subfield code="b">12-06-18</subfield>
   <subfield code="c">29-07-16</subfield>
  </datafield>
  <datafield tag="949" ind1=" " ind2=" ">
   <subfield code="0">0</subfield>
   <subfield code="1">0</subfield>
   <subfield code="2">ddc</subfield>
   <subfield code="4">0</subfield>
   <subfield code="6">624_000000000000000_ΚΙΡ</subfield>
   <subfield code="7">0</subfield>
   <subfield code="8">KALL</subfield>
   <subfield code="8">565</subfield>
   <subfield code="d">2016-04-13</subfield>
   <subfield code="r">2016-04-13</subfield>
   <subfield code="w">2016-04-13</subfield>
   <subfield code="z">624 ΚΙΡ</subfield>
   <subfield code="o">SEAB KALLIPOS</subfield>
  </datafield>
  <datafield tag="998" ind1=" " ind2=" ">
   <subfield code="a">80</subfield>
   <subfield code="a">01</subfield>
   <subfield code="a">02</subfield>
   <subfield code="a">03</subfield>
   <subfield code="a">04</subfield>
   <subfield code="a">05</subfield>
   <subfield code="a">06</subfield>
   <subfield code="a">07</subfield>
   <subfield code="a">08</subfield>
   <subfield code="a">09</subfield>
   <subfield code="a">10</subfield>
   <subfield code="a">11</subfield>
   <subfield code="a">12</subfield>
   <subfield code="a">13</subfield>
   <subfield code="a">14</subfield>
   <subfield code="a">15</subfield>
   <subfield code="a">16</subfield>
   <subfield code="a">17</subfield>
   <subfield code="a">18</subfield>
   <subfield code="a">19</subfield>
   <subfield code="a">20</subfield>
   <subfield code="a">21</subfield>
   <subfield code="a">22</subfield>
   <subfield code="a">23</subfield>
   <subfield code="a">24</subfield>
   <subfield code="a">25</subfield>
   <subfield code="a">26</subfield>
   <subfield code="b">11-05-17</subfield>
   <subfield code="c">m</subfield>
   <subfield code="d">z  </subfield>
   <subfield code="e">-</subfield>
   <subfield code="f">gre</subfield>
   <subfield code="g">gr </subfield>
   <subfield code="h">0</subfield>
  </datafield>
  <datafield tag="942" ind1=" " ind2=" ">
   <subfield code="2">ddc</subfield>
   <subfield code="c">KALLIPOS</subfield>
  </datafield>
 </record>
</collection>
